| 000 | 00501nam a22001817a 4500 | ||
|---|---|---|---|
| 999 |
_c15234 _d15234 |
||
| 003 | AR-CdUCM | ||
| 008 | 190426b ||||| |||| 00| 0 spa d | ||
| 040 |
_aMUNICIPALIDAD PROVINCIAL DEL CUSCO _cBIBLIOTECA MUNICIPAL DEL CUSCO |
||
| 082 |
_aC / 869.56 / _bS19 |
||
| 100 |
_aSamaniego, Antenor _91771 |
||
| 245 | _aEl país inefable / | ||
| 260 |
_aLima : _bLumen, _c1948. |
||
| 300 |
_a104 páginas ; _c21 cm. |
||
| 505 | _aPoemas | ||
| 650 |
_aPoemas. _9929 |
||
| 942 |
_2ddc _cLIBROS |
||
| 945 | _awfj | ||